zpět

Detail výsledku týmu

Minipivovar Polivar, Kopřivnice

Datum a čas kvízu

22 Celkem bodů Celkový počet nahraných bodů na tomto kvízu bez doplňovacích otázek.
6. Pořadí na kvízu Konečné umístění týmu na tomto kvízu.

Zaznamenané odpovědi

# Otázka Odpověď Body Výsledky
1. V minulém týdnu oznámila fakul... Vysoká škola ekonomická v Praze (VŠE), používání umělé inteligence 0.5
2. Ve kterém evropském státě se m... v Nizozemsku 1
3. Ve čtvrtek měl premiéru americ... Ridley Scott, Joaquin Phoenix 0.5
4. Který server v pátek oznámil,... Ulož.to 0
5. Německá fotbalová reprezentace... Rakousko, 2:0 1
6. Střední Asií budeme mít na mys... Taškent 0
7. Ač jsou některé státy Střední... 1B 2C 3D 4A 0
8. Ve kterém státě byste hledali... Turkmenistán 1
9. Z Buchary, která se dnes nachá... Avicenna 0
10. Ve kterém státě se nachází měs... Tádžikistán 0